Statistics for Cutlery quiz

Click here to take the quiz!

General Stats

  • This quiz has been taken 27 times
  • The average score is 5 of 7

Answer Stats

Short DescriptionCutlery% Correct
Cutting utensilKnife
100%
4 ProngsFork
96%
Asian Utensil Chopsticks
87%
Gets food out of your teethToothpick
78%
Small shallow bowlSpoon
74%
Grip and lift objectsTongs
70%
Holds food togetherSkewer
22%

Score Distribution

Percentile by Number Answered

Percent of People with Each Score

Your Score History

You have not taken this quiz